[Event "Fourmies op 34th"]
[Site "Fourmies"]
[Date "2010.05.24"]
[Round "6"]
[White "Hanot, Wilfried"]
[Black "Rolland, Benjamin"]
[Result "0-1"]
[WhiteElo "1891"]
[BlackElo "2125"]
[PlyCount "44"]
[EventDate "2010.05.22"]
[EventType "swiss"]
[EventRounds "7"]
[EventCountry "FRA"]
[SourceTitle "CBM 136 Extra"]
[Source "ChessBase"]
[SourceDate "2010.07.02"]
[SourceVersion "2"]
[SourceVersionDate "2010.07.15"]
[SourceQuality "1"]

1. e4 Nc6 2. Bc4 e6 3. Nc3 Nf6 4. Nf3 d5 5. exd5 exd5 6. Bb5 d4 7. Bxc6+ bxc6 8. Qe2+ Be7 9. Ne4 0-0 10. 0-0 Bg4 11. Nxf6+ Bxf6 12. Qe4 Qd7 13. Ne5 Bxe5 14. Qxe5 Rfe8 15. Qc5 Be2 16. Re1 Bf3 17. Rxe8+ Rxe8 18. h3 Re1+ 19. Kh2 Rh1+ 20. Kg3 Bxg2 21. Qb4 Rxh3+ 22. Kf4 Rh4+ 0-1

[Event "Fourmies op 34th"]
[Site "Fourmies"]
[Date "2010.05.23"]
[Round "5"]
[White "Rolland, Benjamin"]
[Black "Haub, Thorsten Michael"]
[Result "0-1"]
[WhiteElo "2125"]
[BlackElo "2517"]
[PlyCount "70"]
[EventDate "2010.05.22"]
[EventType "swiss"]
[EventRounds "7"]
[EventCountry "FRA"]
[SourceTitle "CBM 136 Extra"]
[Source "ChessBase"]
[SourceDate "2010.07.02"]
[SourceVersion "2"]
[SourceVersionDate "2010.07.15"]
[SourceQuality "1"]

1. g3 g6 2. Bg2 Bg7 3. Nf3 f5 4. d4 Nf6 5. 0-0 0-0 6. c4 c6 7. Nc3 d6 8. Qc2 Nh5 9. e4 f4 10. Ne2 e5 11. c5 exd4 12. Nxf4 Nxf4 13. Bxf4 dxc5 14. Qxc5 Na6 15. Qc4+ Kh8 16. e5 Nc7 17. Rad1 Be6 18. Qxd4 Bxa2 19. Qb4 Bd5 20. Qxb7 Ne6 21. Bc1 a5 22. Rxd5 cxd5 23. Rd1 Qc7 24. Qxd5 Rad8 25. Qb3 Nc5 26. Qc2 Rxd1+ 27. Qxd1 Nd3 28. Be3 Nxb2 29. Qa1 Nd3 30. Qb1 Nxe5 31. Nxe5 Qxe5 32. Bf1 a4 33. Qb4 Qa1 34. Bc5 Rc8 35. Kg2 Qc3 0-1

[Event "FRA-chT1 Regionale 0708"]
[Site "France"]
[Date "2007.12.02"]
[Round "3.3"]
[White "Rolland, Benjamin"]
[Black "Renard, Stephane"]
[Result "1/2-1/2"]
[WhiteElo "2098"]
[BlackElo "1969"]
[PlyCount "81"]
[EventDate "2007.10.07"]
[EventType "team-tourn"]
[EventRounds "7"]
[EventCountry "FRA"]
[SourceTitle "EXT 2019"]
[Source "ChessBase"]
[SourceDate "2018.10.10"]
[SourceVersion "1"]
[SourceVersionDate "2018.10.10"]
[SourceQuality "1"]

1. d4 f5 2. Nc3 Nf6 3. Bg5 d5 4. Bxf6 exf6 5. e3 Be6 6. Bd3 Qd7 7. Qf3 Nc6 8. a3 Ne7 9. Nge2 c6 10. Nf4 Bf7 11. Qh3 g6 12. 0-0 Nc8 13. f3 Nd6 14. Na4 b6 15. b3 h5 16. Nb2 g5 17. Ne2 h4 18. g3 g4 19. fxg4 fxg4 20. Qg2 Bh6 21. Nf4 0-0-0 22. c4 hxg3 23. hxg3 Bxf4 24. Rxf4 f5 25. Rc1 Kb8 26. c5 Ne4 27. Bxe4 dxe4 28. cxb6 axb6 29. Qc2 Rh6 30. Rf2 Rdh8 31. Rg2 Bxb3 32. Qd2 Rh1+ 33. Kf2 Rxc1 34. Qxc1 Qd6 35. Qc3 Qxa3 36. d5 Rh1 37. Qe5+ Ka7 38. Qc7+ Ka6 39. Qc8+ Ka7 40. Qc7+ Ka6 41. Qc8+ 1/2-1/2

[Event "FRA-chT2 0405"]
[Site "France"]
[Date "2005.04.03"]
[Round "11.6"]
[White "Rolland, Benjamin"]
[Black "Redon, Philippe"]
[Result "1-0"]
[WhiteElo "2116"]
[BlackElo "2032"]
[PlyCount "111"]
[EventDate "2004.10.10"]
[EventType "team-tourn"]
[EventRounds "11"]
[EventCountry "FRA"]
[SourceTitle "EXT 2006"]
[Source "ChessBase"]
[SourceDate "2005.11.24"]
[SourceVersion "1"]
[SourceVersionDate "2005.11.24"]
[SourceQuality "1"]

1. e4 d5 2. exd5 Nf6 3. Nf3 Qxd5 4. Nc3 Qa5 5. d4 c6 6. Bc4 Bf5 7. Bd2 Nbd7 8. Nd5 Qd8 9. Nxf6+ Nxf6 10. Ne5 e6 11. Bc3 Nd5 12. g4 Nxc3 13. bxc3 Be4 14. 0-0 Bd6 15. Qe2 Bg6 16. f4 Bxe5 17. dxe5 0-0 18. Rab1 b5 19. Bd3 Bxd3 20. cxd3 Qd5 21. d4 f6 22. Qg2 Qxg2+ 23. Kxg2 f5 24. h3 g6 25. Kf3 fxg4+ 26. hxg4 g5 27. Ke4 Rxf4+ 28. Rxf4 gxf4 29. Kxf4 Rf8+ 30. Ke3 a5 31. c4 Rb8 32. cxb5 cxb5 33. a4 b4 34. Rc1 b3 35. Rb1 b2 36. Kd3 Rb3+ 37. Kc2 Rb4 38. Kc3 Rxa4 39. Rxb2 Kf7 40. Rb7+ Kg6 41. Re7 Kg5 42. Rxe6 Kxg4 43. Rh6 Kf5 44. Rxh7 Ra1 45. Rf7+ Ke6 46. Rf6+ Kd5 47. Rd6+ Ke4 48. e6 Rc1+ 49. Kb3 Kf5 50. d5 Kf6 51. Rd7 Re1 52. Ka4 Ra1+ 53. Kb5 a4 54. Rf7+ Kg5 55. Rf2 a3 56. e7 1-0

[Event "FRA-chT2 0405"]
[Site "France"]
[Date "2005.02.06"]
[Round "7.5"]
[White "Marino, Olivier"]
[Black "Rolland, Benjamin"]
[Result "1-0"]
[WhiteElo "2109"]
[BlackElo "2116"]
[PlyCount "129"]
[EventDate "2004.10.10"]
[EventType "team-tourn"]
[EventRounds "11"]
[EventCountry "FRA"]
[SourceTitle "EXT 2006"]
[Source "ChessBase"]
[SourceDate "2005.11.24"]
[SourceVersion "1"]
[SourceVersionDate "2005.11.24"]
[SourceQuality "1"]
[WhiteTeam "Cannes II"]
[BlackTeam "Marseille EFE"]
[WhiteTeamCountry "FRA"]
[BlackTeamCountry "FRA"]

1. e4 e5 2. Nf3 Nc6 3. Bb5 a6 4. Ba4 Nf6 5. 0-0 b5 6. Bb3 Bb7 7. d3 Be7 8. c3 d6 9. Re1 Na5 10. Bc2 c5 11. Nbd2 0-0 12. Nf1 Re8 13. Ng3 Bf8 14. Nf5 Nc6 15. N3h4 Ne7 16. Nxe7+ Qxe7 17. Nf5 Qe6 18. Qf3 d5 19. Bg5 dxe4 20. dxe4 Nd7 21. Rad1 f6 22. Bc1 Rad8 23. b3 Nb6 24. Rxd8 Rxd8 25. Rd1 Rxd1+ 26. Qxd1 Qd7 27. Qe2 Bc8 28. Be3 Qd8 29. a4 bxa4 30. bxa4 Qc7 31. a5 Na8 32. Bb3+ c4 33. Qxc4+ Qxc4 34. Bxc4+ Kh8 35. Kf1 g6 36. Nh6 Kg7 37. Nf7 g5 38. Nd8 Nc7 39. Ke2 Bd7 40. Bb6 Nb5 41. Kd3 f5 42. f3 Kf6 43. Nb7 h5 44. Bc5 Bc6 45. Bxf8 Bxb7 46. Bd5 Bc8 47. Bc5 Nc7 48. Bb6 Ne6 49. g3 g4 50. exf5 Kxf5 51. fxg4+ hxg4 52. c4 Ng5 53. Ke3 Ne6 54. Ba8 Ng7 55. c5 Ne8 56. c6 Nd6 57. Bc7 Ke6 58. Bxd6 Kxd6 59. Bb7 Bf5 60. Bxa6 Kxc6 61. Bd3 Bc8 62. Ke4 Kd6 63. a6 Kc6 64. a7 Bb7 65. Ke3 1-0

[Event "FRA-chT2 0405"]
[Site "France"]
[Date "2004.12.05"]
[Round "4.6"]
[White "Tavenard, Ludovic"]
[Black "Rolland, Benjamin"]
[Result "1-0"]
[WhiteElo "2097"]
[BlackElo "2116"]
[PlyCount "55"]
[EventDate "2004.10.10"]
[EventType "team-tourn"]
[EventRounds "11"]
[EventCountry "FRA"]
[SourceTitle "EXT 2006"]
[Source "ChessBase"]
[SourceDate "2005.11.24"]
[SourceVersion "1"]
[SourceVersionDate "2005.11.24"]
[SourceQuality "1"]

1. e4 e5 2. Nf3 Nc6 3. Bb5 a6 4. Bxc6 dxc6 5. 0-0 Be7 6. Nc3 f6 7. d4 exd4 8. Nxd4 c5 9. Nb3 Qxd1 10. Rxd1 Bg4 11. f3 Bd7 12. Bf4 c6 13. Na4 c4 14. Nbc5 b5 15. Nxd7 bxa4 16. Kf1 a3 17. bxa3 Ra7 18. Nb6 c3 19. Nc4 Nh6 20. Rab1 0-0 21. Be3 Raa8 22. Rb7 Rfd8 23. Rxd8+ Bxd8 24. Bd4 Kf8 25. Bc5+ Kg8 26. Bb4 Nf7 27. Bxc3 Rc8 28. Rxf7 1-0

[Event "Vandoeuvre op"]
[Site "Vandoeuvre"]
[Date "2004.??.??"]
[Round "8"]
[White "Rault, Adrien"]
[Black "Rolland, Benjamin"]
[Result "0-1"]
[WhiteElo "1845"]
[BlackElo "2116"]
[PlyCount "25"]
[EventDate "2004.12.26"]
[EventType "swiss"]
[EventRounds "9"]
[EventCountry "FRA"]
[SourceTitle "CBM 104 Extra"]
[Source "ChessBase"]
[SourceDate "2005.03.01"]
[SourceVersion "1"]
[SourceVersionDate "2005.03.01"]
[SourceQuality "1"]

1. d4 d5 2. Nf3 c6 3. c4 e6 4. cxd5 exd5 5. Nc3 Bd6 6. Bg5 Qc7 7. e3 Bg4 8. Be2 Ne7 9. Rc1 a6 10. Bh4 Nf5 11. Bg3 Nxg3 12. hxg3 Qe7 13. Nxd5 0-1

[Event "Marseille op"]
[Site "Marseille"]
[Date "2003.12.29"]
[Round "6"]
[White "Petrossian, Armen"]
[Black "Rolland, Benjamin"]
[Result "1-0"]
[WhiteElo "2500"]
[BlackElo "2500"]
[PlyCount "61"]
[EventDate "2003.12.26"]
[EventType "swiss"]
[EventRounds "9"]
[EventCountry "FRA"]
[SourceTitle "CBM 097 Extra"]
[Source "ChessBase"]
[SourceDate "2004.01.13"]
[SourceVersion "1"]
[SourceVersionDate "2004.01.13"]
[SourceQuality "1"]

1. e4 e6 2. d4 c5 3. Nf3 cxd4 4. Nxd4 Nf6 5. Nc3 Nc6 6. Ndb5 d6 7. Bf4 e5 8. Bg5 a6 9. Na3 b5 10. Bxf6 gxf6 11. Nd5 Bg7 12. Bd3 Ne7 13. Nxe7 Qxe7 14. c4 0-0 15. 0-0 f5 16. Qh5 Rb8 17. exf5 e4 18. Rae1 Bxb2 19. Rxe4 Qf6 20. Rh4 h6 21. Nc2 bxc4 22. Ne3 Qxh4 23. Qxh4 cxd3 24. Ng4 Rb5 25. Nxh6+ Kg7 26. Qg5+ Kh7 27. Nxf7 Rxf7 28. Qg6+ Kh8 29. Qxf7 Bxf5 30. Re1 Be5 31. Qe8+ 1-0

[Event "Marseille op 4th"]
[Site "Marseille"]
[Date "2003.06.29"]
[Round "2"]
[White "Rolland, Benjamin"]
[Black "Nanu, Ciprian Costica"]
[Result "0-1"]
[WhiteElo "2236"]
[BlackElo "2462"]
[PlyCount "44"]
[EventDate "2003.06.28"]
[EventType "swiss"]
[EventRounds "9"]
[EventCountry "FRA"]
[SourceTitle "EXT 2004"]
[Source "ChessBase"]
[SourceDate "2003.11.25"]
[SourceVersion "1"]
[SourceVersionDate "2003.11.25"]
[SourceQuality "1"]

1. e4 c6 2. d4 d5 3. e5 Bf5 4. Be3 e6 5. Nf3 h5 6. Be2 Be7 7. 0-0 Nh6 8. Qd2 Bg6 9. Bg5 Nf5 10. Bxe7 Qxe7 11. c4 h4 12. Nc3 Bh5 13. c5 Nd7 14. b4 f6 15. b5 Bxf3 16. exf6 Qxf6 17. bxc6 bxc6 18. Bxf3 Nxd4 19. Bg4 Ne5 20. f3 h3 21. Rad1 hxg2 22. Kxg2 Nf5 0-1

[Event "FRA-chT2S"]
[Site "France"]
[Date "2002.11.16"]
[Round "2.9"]
[White "Rolland, Benjamin"]
[Black "Mourgues, Joelle"]
[Result "1-0"]
[WhiteElo "1980"]
[BlackElo "1770"]
[PlyCount "85"]
[EventDate "2002.10.??"]
[EventType "team-tourn"]
[EventRounds "11"]
[EventCountry "FRA"]
[SourceTitle "EXT 2004"]
[Source "ChessBase"]
[SourceDate "2003.11.25"]
[SourceVersion "1"]
[SourceVersionDate "2003.11.25"]
[SourceQuality "1"]

1. e4 c5 2. Nf3 d6 3. d4 cxd4 4. Nxd4 Nf6 5. Nc3 a6 6. Be3 e6 7. g4 Be7 8. g5 Nfd7 9. Qh5 Ne5 10. f4 Nec6 11. 0-0-0 h6 12. g6 f6 13. f5 Nxd4 14. Bxd4 Nc6 15. Bc4 Qa5 16. Qe2 Nxd4 17. Rxd4 Qe5 18. Rhd1 Bd7 19. fxe6 Bxe6 20. Bxe6 Qxe6 21. Qc4 Qxc4 22. Rxc4 Kd7 23. Nd5 Bd8 24. Ne3 Re8 25. Nf5 Bc7 26. Rcd4 Re6 27. Nxg7 Rg8 28. Nxe6 Kxe6 29. Rb4 b5 30. Rg1 Rg7 31. Rb3 Bb6 32. Rg2 f5 33. exf5+ Kxf5 34. Rf3+ Ke6 35. Re2+ Kd5 36. Rf5+ Kc6 37. Rg2 Be3+ 38. Kd1 Bg5 39. Rf7 Rg8 40. h4 Be3 41. c3 d5 42. g7 Bc5 43. Rg6+ 1-0

[Event "FRA-ch op-B"]
[Site "Val d'Isere"]
[Date "2002.08.23"]
[Round "3.5"]
[White "Bregoli, Andre"]
[Black "Rolland, Benjamin"]
[Result "0-1"]
[WhiteElo "1800"]
[BlackElo "1980"]
[PlyCount "166"]
[EventDate "2002.08.20"]
[EventType "swiss"]
[EventRounds "11"]
[EventCountry "FRA"]
[SourceTitle "EXT 2003"]
[Source "ChessBase"]
[SourceDate "2002.11.25"]
[SourceVersion "1"]
[SourceVersionDate "2002.11.25"]
[SourceQuality "1"]

1. c4 c5 2. Nc3 b6 3. Nf3 Nf6 4. d3 Bb7 5. g3 e6 6. Bg2 d6 7. 0-0 a6 8. e4 Nbd7 9. h3 Qc7 10. Bg5 Be7 11. Qe2 0-0 12. Rfe1 Rac8 13. Rac1 Rfe8 14. g4 Ne5 15. Nxe5 dxe5 16. f3 Nd7 17. Qd2 Nf8 18. h4 Ng6 19. h5 Bxg5 20. Qxg5 h6 21. Qe3 Nf4 22. Bf1 Rcd8 23. Red1 Qe7 24. Ne2 Qg5 25. Nxf4 exf4 26. Qf2 f5 27. Qg2 fxg4 28. Qxg4 Qxg4+ 29. fxg4 e5 30. Kf2 Rd4 31. Be2 Kf7 32. a3 a5 33. b4 cxb4 34. axb4 a4 35. b5 Ra8 36. Ra1 Kf6 37. Ra3 Kg5 38. Rda1 Bc8 39. Rxa4 Rxa4 40. Rxa4 Bxg4 41. Ra7 Rd7 42. Ra6 Bxe2 43. Kxe2 Rb7 44. Ra8 Kxh5 45. Re8 Kg4 46. Rxe5 Ra7 47. Rf5 Ra2+ 48. Kd1 Ra7 49. c5 bxc5 50. Rxc5 f3 51. b6 Rb7 52. Rc7 Rxb6 53. Rxg7+ Kf4 54. Kd2 Rb2+ 55. Kc3 Rg2 56. Rf7+ Ke3 57. e5 Rg6 58. Kc4 Rc6+ 59. Kd5 Rc3 60. e6 Rxd3+ 61. Kc6 Rd4 62. e7 Re4 63. Kd7 f2 64. Rf6 Ke2 65. Re6 Rxe6 66. Kxe6 f1Q 67. e8Q Qf3 68. Qb5+ Kf2 69. Qb2+ Kg3 70. Qb8+ Qf4 71. Qb3+ Kh4 72. Qd5 Qg4+ 73. Kd6 Qg3+ 74. Kd7 Qg7+ 75. Ke8 Qg6+ 76. Kd7 h5 77. Qh1+ Kg5 78. Qc1+ Kf6 79. Qc3+ Kf7 80. Qc4+ Kg7 81. Qd4+ Kh7 82. Qd5 Qg7+ 83. Ke8 Qg8+ 0-1